Statistics for Energiformer

Click here to take the quiz!

General Stats

  • This quiz has been taken 5 times
  • The average score is 4 of 11

Answer Stats

QuestionAnswer% Correct
Hvad kaldes dette også?Atomkraft/kernekraft
100%
Frigives ved kerneprocesserKerneenergi
50%
BevægelsesenergiKinetisk energi
50%
Energi, der bliverskubbet fra elektron til elektron i et ledende materialeElektrisk energi
25%
Energi oplagret i fast form fx benzin, olie eller madKemisk energi
25%
BelligenhedsenergiPotentiel energi
25%
Elektromagnetiske bølgerStrålingsenergi
25%
Varme oplagret i en genstandTermisk energi
25%
I hvilken form energitabet fra dette?Varmeenergi/termisk energi
25%
De to måder at udvindeenergi fra atomkernerFusion og fission
0%
Hvad udgør de tilsammen?Mekanisk energi
0%

Score Distribution

Percentile by Number Answered

Percent of People with Each Score

Your Score History

You have not taken this quiz